01126nam a22002897a 4500999001900000005001700019008004100036020001800077050002000095100002100115245016800136250001100304260004400315260002000359260002000379300002800399490004300427504003300470650002400503650001400527650003200541650003000573700004100603700004200644942001300686952013700699 c143183d14318120180809113751.0180809b sp ||||| |||| 00| 0 spa d a978844703302704aHT388bP65 20091 aPolése, Mario.10aEconomía urbana y regionalb: introducción a la geografía económicac/ Mario Polése, Fernando Rubiera Morollón ; director José Luis García Delgado. a1a ed. aNavarra, España :bEditorial Aranzadi bThomson Reuters bCivitas,c2009. a307 p. :bil. ;c24 cm.0 aTme Tratados y manuales de economía. aBibliografía : p. 301-307. 4aEconomía regional 4aUrbanismo 72lembaEspacio en economía 4aLocalización industrial1 aRubiera Morollón, Fernando,eautor1 aCuadrado Roura, Juan R.,eintroductor 2lcccLIB 102lcc4070aINV-055bINV-055cGENERALd2018-08-09eUAf1a ed.iCEAkCSAoHT388 P65 2009pIIE000006439r2018-08-09 00:00:00t1yLIB